Manual on hate speech

Saved in:  
Bibliographic Details
Main Author: Weber, Anne (Author)
Corporate Author: Europarat (Other)
Format: Print Book
Language:English
Published: Strasbourg Council of Europe Publ. 2009
In:Year: 2009
Check availability: HBZ Gateway
Subito Delivery Service: Order now.
Keywords:

MARC

LEADER 00000cam a2200000 c 4500
001 162292780X
003 DE-627
005 20250222174116.0
007 tu
008 091022s2009 fr ||||| 00| ||eng c
020 |a 9789287166142  |9 978-92-871-6614-2 
035 |a (DE-627)162292780X 
035 |a (DE-576)312202695 
035 |a (DE-599)BSZ312202695 
035 |a (OCoLC)698865185 
035 |a (OCoLC)698865185 
040 |a DE-627  |b ger  |c DE-627  |e rakwb 
041 |a eng 
044 |c XA-FR 
100 1 |a Weber, Anne  |4 aut 
245 1 0 |a Manual on hate speech  |c Anne Weber 
264 1 |a Strasbourg  |b Council of Europe Publ.  |c 2009 
300 |a 96 S. 
336 |a Text  |b txt  |2 rdacontent 
337 |a ohne Hilfsmittel zu benutzen  |b n  |2 rdamedia 
338 |a Band  |b nc  |2 rdacarrier 
500 |a Franz. Ausg. u.d.T.: Manuel sur le discours de haine 
583 1 |a Archivierung prüfen  |c 20200919  |f DE-640  |z 3  |2 pdager 
689 0 0 |d b  |0 (DE-588)5098525-5  |0 (DE-627)132918269  |0 (DE-576)194702391  |a Europäische Union  |2 gnd 
689 0 1 |d s  |0 (DE-588)4384199-5  |0 (DE-627)187464014  |0 (DE-576)211874299  |a Schmährede  |2 gnd 
689 0 2 |d s  |0 (DE-588)4139017-9  |0 (DE-627)105638366  |0 (DE-576)209690917  |a Ehrenschutz  |2 gnd 
689 0 3 |d s  |0 (DE-588)4038463-9  |0 (DE-627)104774711  |0 (DE-576)209030216  |a Meinungsfreiheit  |2 gnd 
689 0 |5 (DE-627) 
689 1 0 |d b  |0 (DE-588)1003803-6  |0 (DE-627)103022066  |0 (DE-576)191153036  |a Europäischer Gerichtshof für Menschenrechte  |2 gnd 
689 1 1 |d s  |0 (DE-588)4384199-5  |0 (DE-627)187464014  |0 (DE-576)211874299  |a Schmährede  |2 gnd 
689 1 2 |d s  |0 (DE-588)4139017-9  |0 (DE-627)105638366  |0 (DE-576)209690917  |a Ehrenschutz  |2 gnd 
689 1 3 |d s  |0 (DE-588)4038463-9  |0 (DE-627)104774711  |0 (DE-576)209030216  |a Meinungsfreiheit  |2 gnd 
689 1 |5 (DE-627) 
689 2 0 |d b  |0 (DE-588)5098525-5  |0 (DE-627)132918269  |0 (DE-576)194702391  |a Europäische Union  |2 gnd 
689 2 1 |d s  |0 (DE-588)4384199-5  |0 (DE-627)187464014  |0 (DE-576)211874299  |a Schmährede  |2 gnd 
689 2 2 |d s  |0 (DE-588)4139017-9  |0 (DE-627)105638366  |0 (DE-576)209690917  |a Ehrenschutz  |2 gnd 
689 2 3 |d s  |0 (DE-588)4038463-9  |0 (DE-627)104774711  |0 (DE-576)209030216  |a Meinungsfreiheit  |2 gnd 
689 2 |5 (DE-627) 
689 3 0 |d b  |0 (DE-588)1003803-6  |0 (DE-627)103022066  |0 (DE-576)191153036  |a Europäischer Gerichtshof für Menschenrechte  |2 gnd 
689 3 |5 (DE-627) 
710 2 |a Europarat  |0 (DE-588)36821-0  |0 (DE-627)10084457X  |0 (DE-576)190348828  |4 oth 
889 |w (DE-627)611906759 
935 |a mkri 
935 |i mdedup 
951 |a BO 
ELC |b 1 
LOK |0 000 xxxxxcx a22 zn 4500 
LOK |0 001 3248218223 
LOK |0 003 DE-627 
LOK |0 004 162292780X 
LOK |0 005 20100323152548 
LOK |0 008 100201||||||||||||||||ger||||||| 
LOK |0 040   |a DE-Frei85  |c DE-627  |d DE-Frei85 
LOK |0 852   |a DE-Frei85 
LOK |0 852 1  |m p  |9 00 
LOK |0 938   |k p 
LOK |0 939   |a 01-02-10  |b l01 
ORI |a SA-MARC-krimdoka001.raw 
TIM |a 100019931101_100020261231  |b 1993-11-01 - 2026